[Event "msr2018"]
[Site "?"]
[Date "2018.04.24"]
[Round "5.21"]
[White "Rakovsky, Jakub"]
[Black "Sustek, Adam"]
[Result "1/2-1/2"]
[BlackElo "1590"]
[WhiteElo "1254"]
[LiveChessVersion "1.4.8"]

1. e4 {[%clk 1:30:41]} b6 {[%clk 1:30:47]} 2. Nc3 {[%clk 1:30:37]} Bb7
{[%clk 1:31:05]} 3. Bc4 {[%clk 1:30:03]} Nf6 {[%clk 1:30:07]} 4. d3
{[%clk 1:29:35]} e6 {[%clk 1:30:02]} 5. Bg5 {[%clk 1:26:02]} Be7 {[%clk 1:28:37]}
6. Nge2 {[%clk 1:24:11]} O-O {[%clk 1:19:28]} 7. Qd2 {[%clk 1:19:29]} d5
{[%clk 1:12:41]} 8. exd5 {[%clk 1:15:46]} Nxd5 {[%clk 1:12:17]} 9. Bxe7
{[%clk 1:14:31]} Nxe7 {[%clk 1:06:23]} 10. f3 {[%clk 1:12:09]} Nd7
{[%clk 1:03:49]} 11. Ng3 {[%clk 1:09:42]} Nf6 {[%clk 1:02:59]} 12. Nge4
{[%clk 1:06:07]} Nxe4 {[%clk 1:01:49]} 13. fxe4 {[%clk 1:03:51]} Ng6
{[%clk 1:00:27]} 14. O-O {[%clk 1:01:36]} Qd4+ {[%clk 0:55:22]} 15. Qf2
{[%clk 1:01:22]} Qxf2+ {[%clk 0:53:15]} 16. Rxf2 Ne5 {[%clk 0:50:24]} 17. Bb3
{[%clk 1:00:58]} Rad8 {[%clk 0:48:26]} 18. Raf1 {[%clk 0:59:29]} Ng4
{[%clk 0:44:41]} 19. Rf4 {[%clk 0:56:15]} Nf6 {[%clk 0:44:10]} 20. g4
{[%clk 0:52:58]} h6 {[%clk 0:42:40]} 21. h4 {[%clk 0:52:55]} Nh7 {[%clk 0:43:01]}
22. e5 {[%clk 0:50:20]} c5 {[%clk 0:37:37]} 23. Nb5 {[%clk 0:49:34]} Rd7
{[%clk 0:34:28]} 24. Nd6 {[%clk 0:48:52]} Bd5 {[%clk 0:34:33]} 25. Ne4
{[%clk 0:46:00]} Bxe4 {[%clk 0:32:57]} 26. Rxe4 {[%clk 0:46:15]} g5
{[%clk 0:32:45]} 27. hxg5 {[%clk 0:45:27]} Nxg5 {[%clk 0:32:38]} 28. Re2
{[%clk 0:44:50]} Rd4 {[%clk 0:32:38]} 29. Rg2 {[%clk 0:44:10]} Nh3+
{[%clk 0:25:36]} 30. Kh2 {[%clk 0:43:03]} Rf4 {[%clk 0:25:12]} 31. Rxf4
{[%clk 0:36:43]} Nxf4 {[%clk 0:25:28]} 32. Rf2 {[%clk 0:36:29]} Ng6
{[%clk 0:25:55]} 33. Re2 {[%clk 0:36:28]} Rd8 {[%clk 0:25:54]} 34. Kg3
{[%clk 0:36:03]} Rd4 {[%clk 0:25:19]} 35. Bc4 {[%clk 0:33:10]} Rf4 1/2-1/2

[Event "msr2018"]
[Site "?"]
[Date "2018.04.24"]
[Round "5.22"]
[White "Stevik, Patrik"]
[Black "Gal, Milan"]
[Result "1-0"]
[BlackElo "1454"]
[WhiteElo "1713"]
[LiveChessVersion "1.4.8"]

1. e4 {[%clk 1:30:53]} e5 {[%clk 1:30:56]} 2. Nf3 {[%clk 1:30:55]} Nc6
{[%clk 1:31:21]} 3. Bb5 {[%clk 1:31:18]} a6 {[%clk 1:30:58]} 4. Ba4
{[%clk 1:31:10]} b5 {[%clk 1:31:02]} 5. Bb3 {[%clk 1:31:19]} d6 {[%clk 1:30:49]}
6. c3 {[%clk 1:29:31]} Nf6 {[%clk 1:31:05]} 7. Ng5 {[%clk 1:06:28]} d5
{[%clk 1:28:08]} 8. exd5 {[%clk 1:06:23]} Na5 {[%clk 1:25:52]} 9. Qe2
{[%clk 1:05:27]} Bd6 {[%clk 1:25:01]} 10. d4 {[%clk 1:03:24]} Nxb3
{[%clk 1:24:39]} 11. axb3 {[%clk 1:01:43]} Qe7 {[%clk 1:24:10]} 12. dxe5
{[%clk 1:01:58]} Qxe5 {[%clk 1:23:18]} 13. Qxe5+ {[%clk 1:02:20]} Bxe5
{[%clk 1:23:43]} 14. O-O {[%clk 0:57:10]} O-O {[%clk 1:23:08]} 15. c4
{[%clk 0:56:39]} bxc4 {[%clk 1:22:09]} 16. bxc4 {[%clk 0:56:47]} Rb8
{[%clk 1:21:56]} 17. Ra2 {[%clk 0:55:56]} Rb4 {[%clk 1:20:27]} 18. Nf3
{[%clk 0:54:19]} Bd6 {[%clk 1:17:22]} 19. Nbd2 {[%clk 0:53:39]} Bg4
{[%clk 1:16:02]} 20. Rxa6 {[%clk 0:47:44]} Bxf3 {[%clk 1:16:12]} 21. gxf3
{[%clk 0:47:42]} Bf4 {[%clk 1:15:48]} 22. Ne4 {[%clk 0:44:37]} Nxe4
{[%clk 1:13:15]} 23. Bxf4 {[%clk 0:44:06]} Nc5 {[%clk 1:11:27]} 24. Rc6
{[%clk 0:43:53]} Rxc4 {[%clk 1:10:53]} 25. Bxc7 {[%clk 0:43:38]} Ra8
{[%clk 1:01:33]} 26. Bb6 {[%clk 0:43:24]} h6 {[%clk 1:00:10]} 27. Bxc5
{[%clk 0:42:55]} Ra5 {[%clk 1:00:02]} 28. Bb6 {[%clk 0:42:59]} Rxc6
{[%clk 1:00:14]} 29. dxc6 {[%clk 0:43:24]} Rg5+ {[%clk 1:00:13]} 30. Kh1
{[%clk 0:43:49]} Rg6 {[%clk 1:00:08]} 31. c7 {[%clk 0:44:12]} Rc6
{[%clk 0:59:55]} 32. Rd1 {[%clk 0:44:37]} 1-0

[Event "msr2018"]
[Site "?"]
[Date "2018.04.24"]
[Round "5.23"]
[White "Sandor, Samuel"]
[Black "Piroska, Samuel"]
[Result "1-0"]
[BlackElo "1232"]
[WhiteElo "1603"]
[LiveChessVersion "1.4.8"]

1. d4 {[%clk 1:30:56]} d5 {[%clk 1:30:49]} 2. Nf3 {[%clk 1:31:18]} Nf6
{[%clk 1:30:56]} 3. e3 {[%clk 1:31:24]} e6 {[%clk 1:30:53]} 4. Bd3
{[%clk 1:31:14]} c5 {[%clk 1:30:54]} 5. c3 {[%clk 1:31:37]} Nc6 {[%clk 1:30:11]}
6. O-O {[%clk 1:31:04]} c4 {[%clk 1:30:03]} 7. Bc2 {[%clk 1:31:27]} Bd6
{[%clk 1:29:14]} 8. Nbd2 {[%clk 1:31:18]} b5 {[%clk 1:28:43]} 9. Qe2
{[%clk 1:30:08]} O-O {[%clk 1:28:20]} 10. e4 {[%clk 1:29:43]} Nd7
{[%clk 1:25:42]} 11. Re1 {[%clk 1:27:33]} Bb7 {[%clk 1:21:38]} 12. e5
{[%clk 1:26:42]} Bc7 {[%clk 1:21:04]} 13. Nf1 {[%clk 1:25:49]} a5
{[%clk 1:19:33]} 14. Bxh7+ {[%clk 1:22:40]} Kh8 {[%clk 1:04:17]} 15. Ng5
{[%clk 1:19:45]} g6 {[%clk 1:03:03]} 16. Qg4 {[%clk 1:11:07]} Ne7
{[%clk 1:00:25]} 17. Re3 {[%clk 1:06:09]} Nf5 {[%clk 1:00:08]} 18. Rh3
{[%clk 1:06:19]} Kg7 {[%clk 0:59:34]} 19. Nxe6+ {[%clk 1:05:31]} fxe6
{[%clk 0:53:39]} 20. Qxg6+ {[%clk 1:05:48]} Kh8 {[%clk 0:53:56]} 21. Bg8+
{[%clk 1:06:06]} Nh6 {[%clk 0:53:59]} 22. Rxh6# {[%clk 1:06:29]} 1-0

[Event "msr2018"]
[Site "?"]
[Date "2018.04.24"]
[Round "5.24"]
[White "Skreko, Igor"]
[Black "Orgon, Patrik"]
[Result "0-1"]
[BlackElo "1402"]
[WhiteElo "1586"]
[LiveChessVersion "1.4.8"]

1. c4 {[%clk 1:30:57]} d5 {[%clk 1:30:18]} 2. cxd5 {[%clk 1:31:17]} Qxd5
{[%clk 1:30:25]} 3. Nc3 {[%clk 1:31:30]} Qd8 {[%clk 1:30:12]} 4. Nf3
{[%clk 1:31:11]} Nf6 {[%clk 1:29:52]} 5. g3 {[%clk 1:30:31]} e6 {[%clk 1:19:55]}
6. Bg2 {[%clk 1:30:05]} Be7 {[%clk 1:18:54]} 7. O-O {[%clk 1:29:56]} O-O
{[%clk 1:18:55]} 8. b3 {[%clk 1:28:55]} Bd7 {[%clk 1:14:49]} 9. Bb2
{[%clk 1:28:43]} Bc6 {[%clk 1:14:05]} 10. d3 {[%clk 1:26:25]} Nbd7
{[%clk 1:13:18]} 11. Qc2 {[%clk 1:25:42]} h6 {[%clk 1:09:42]} 12. Rac1
{[%clk 1:24:26]} Nb6 {[%clk 1:06:47]} 13. e4 {[%clk 1:20:18]} Rc8
{[%clk 1:04:48]} 14. Ne2 {[%clk 1:19:19]} Bb5 {[%clk 1:01:21]} 15. Ne5
{[%clk 1:16:13]} Nfd7 {[%clk 0:58:47]} 16. Nc4 {[%clk 1:15:15]} Bf6
{[%clk 0:57:16]} 17. Nc3 {[%clk 1:12:10]} Nxc4 {[%clk 0:56:18]} 18. dxc4
{[%clk 1:11:22]} Bc6 {[%clk 0:56:20]} 19. Rfd1 {[%clk 1:08:47]} Qe7
{[%clk 0:55:37]} 20. f4 {[%clk 1:07:59]} Qc5+ {[%clk 0:54:29]} 21. Kh1
{[%clk 1:06:44]} Rfe8 {[%clk 0:52:34]} 22. e5 {[%clk 1:05:34]} Be7
{[%clk 0:51:59]} 23. Bxc6 {[%clk 1:03:35]} Qxc6+ {[%clk 0:52:12]} 24. Qe4
{[%clk 1:03:01]} Qxe4+ {[%clk 0:51:14]} 25. Nxe4 {[%clk 1:03:16]} Rcd8
{[%clk 0:50:52]} 26. Rd3 {[%clk 1:00:44]} Nc5 {[%clk 0:48:00]} 27. Nxc5
{[%clk 1:00:30]} Bxc5 {[%clk 0:48:25]} 28. Rcd1 {[%clk 1:00:37]} Be7
{[%clk 0:48:18]} 29. Rd7 {[%clk 0:59:40]} Rc8 {[%clk 0:48:12]} 30. R1d2
{[%clk 0:57:08]} Kf8 {[%clk 0:47:29]} 31. Kg2 {[%clk 0:54:01]} Red8
{[%clk 0:47:42]} 32. Kf3 {[%clk 0:52:39]} Ke8 {[%clk 0:47:41]} 33. Rxd8+
{[%clk 0:50:35]} Rxd8 {[%clk 0:48:01]} 34. Rxd8+ {[%clk 0:50:32]} Kxd8
{[%clk 0:48:22]} 35. Ke4 {[%clk 0:49:32]} Kd7 {[%clk 0:48:22]} 36. g4
{[%clk 0:48:41]} a6 {[%clk 0:47:45]} 37. Bd4 {[%clk 0:45:15]} Kc6
{[%clk 0:47:01]} 38. f5 {[%clk 0:42:56]} g6 {[%clk 0:45:12]} 39. fxe6
{[%clk 0:41:14]} fxe6 {[%clk 0:45:29]} 40. h3 {[%clk 0:39:09]} b5 41. Kd3
{[%clk 0:32:47]} Bg5 {[%clk 0:43:44]} 42. Kc3 {[%clk 0:29:15]} Be7
{[%clk 0:42:20]} 43. cxb5+ {[%clk 0:28:36]} axb5 {[%clk 0:42:21]} 44. Be3
{[%clk 0:17:29]} h5 {[%clk 0:42:25]} 45. gxh5 {[%clk 0:17:40]} gxh5
{[%clk 0:42:46]} 46. Kd3 {[%clk 0:14:53]} Kd5 {[%clk 0:42:49]} 47. Bg1
{[%clk 0:14:54]} Bg5 {[%clk 0:41:32]} 48. Bh2 {[%clk 0:13:55]} b4
{[%clk 0:41:29]} 49. Bg3 {[%clk 0:13:29]} c5 {[%clk 0:41:17]} 50. Bh2
{[%clk 0:12:39]} Bd8 {[%clk 0:41:29]} 51. Bf4 {[%clk 0:09:40]} Bc7
{[%clk 0:41:47]} 52. Bc1 {[%clk 0:09:29]} Kxe5 {[%clk 0:42:00]} 53. Ke3
{[%clk 0:08:28]} Kf5 {[%clk 0:42:07]} 54. Kf3 {[%clk 0:08:09]} e5
{[%clk 0:41:50]} 55. a3 {[%clk 0:06:53]} e4+ {[%clk 0:42:01]} 56. Kf2
{[%clk 0:04:43]} Bd6 {[%clk 0:40:59]} 57. axb4 {[%clk 0:04:36]} cxb4
{[%clk 0:41:20]} 58. Bd2 {[%clk 0:04:12]} Ke5 {[%clk 0:40:49]} 59. Ke2
{[%clk 0:03:21]} Kd4 {[%clk 0:40:58]} 60. Be1 {[%clk 0:01:53]} e3 61. Kd1
{[%clk 0:00:43]} Kd3 {[%clk 0:39:36]} 62. h4 {[%clk 0:29:42]} e2+
{[%clk 1:09:29]} 63. Kc1 {[%clk 0:29:59]} Bf4+ {[%clk 1:09:50]} 0-1